• 首页
  • 本馆介绍
  • 公告通知
  • 最新文献
  • 馆藏检索
  • 电子资源
  • 读者导购
  • 参考咨询
  • 我的图书馆
  • 登录
  • 详细信息显示
  • 放入我的书架
  • 预约/预借图书
  • 作者相关作品
  • 分类相关作品
  • 丛书相关作品
  • 出版社相关作品

书目信息

  • 表格格式
  • 工作单格式
  • 卡片格式
题名:
教师保健
    
 
作者: 李婧 , 王启砚 编
分册:  
出版信息: 北京   航空工业出版社  2019
页数: 212页
开本: 24cm
丛书名: 教师必备知识丛书
单 册:
中图分类: G478.2
科图分类:
主题词: 教师--保健--基本知识
电子资源:
ISBN: 978-7-5165-1625-6
000 00847oam2 2200277 450
001 012001000870
005 20131025101624.0
010    @a978-7-5165-1625-6@dCNY32.00
100    @a20190406d2019 em y0chiy50 ea
101 0  @achi
102    @aCN@b110000
105    @aa z 000yy
106    @ar
200 1  @a教师保健@9jiao shi bao jian@f李婧,王启砚编
210    @a北京@c航空工业出版社@d2019
215    @a212页@c图@d24cm
225 1  @a教师必备知识丛书
300    @a教师公文包
330    @a本书分为自我保健、心理保健、饮食保健、戒烟禁毒保健和名人养生等部分,向教师介绍了提高身心健康的相关知识。
461  0 @12001 @a教师必备知识丛书
606 0  @a教师@x保健@x基本知识
690    @aG478.2@v5
701  0 @a李婧@9li jing@4编
701  0 @a王启砚@9wang qi yan@4编
801  0 @aCN@b江苏凤凰@c20191020
905    @b1221659-62@dG478.2@e208@f4
    
    教师保健/李婧,王启砚编.-北京:航空工业出版社,2019
    212页:图;24cm.-(教师必备知识丛书)
    教师公文包
    
    ISBN 978-7-5165-1625-6:CNY32.00
    本书分为自我保健、心理保健、饮食保健、戒烟禁毒保健和名人养生等部分,向教师介绍了提高身心健康的相关知识。
●
相关链接 在E读中查询图书 在五车中查询图书 在当当中查询图书 在豆瓣中查询图书


正题名:教师保健     索取号:G478.2/208         预约/预借

序号 登录号 条形码 馆藏地/架位号 状态 备注
1 1221659   212216591   第一样本阅览室/ [索取号:G478.2/208] 在馆    
2 1221660   212216608   教育系资料室/ [索取号:G478.2/208] 在馆    
3 1221661   212216617   教育系资料室/ [索取号:G478.2/208] 在馆    
4 1221662   212216626   第四借阅区/ [索取号:G478.2/208] 在馆    
唐山师范学院图书馆 欢迎您!
大连网信软件有限公司© 版权所有